00463cam a2200181ua 4500001000500000005001700005008003900022040000900061082001200070100002900082245004600111250000900157260003600166300001600202653001300218653002200231653002800253258420260515113529.0110912n ii |||gr||||Z||||||asm cMAIN a491.451 aPathak, Ramesh,eAuthor.1 aAsamiya bhashar itihashcby Ramesh Pathak a1st. aNalbari:bJournal emporium,985. a87p:c23cm. aLanguage aAssamese language aAsamiya bhashar itihash